[Event "Oberliga Ost-B 0304"]
[Site "Germany"]
[Date "2003.11.02"]
[Round "1.7"]
[White "Mueller, Horst"]
[Black "Koester, Roman"]
[Result "0-1"]
[WhiteElo "2240"]
[BlackElo "2124"]
[PlyCount "82"]
[EventDate "2003.11.02"]
[EventType "team-tourn"]
[EventRounds "11"]
[EventCountry "GER"]
[SourceTitle "EXT 2005"]
[Source "ChessBase"]
[SourceDate "2004.11.15"]
[SourceVersion "1"]
[SourceVersionDate "2004.11.15"]
[SourceQuality "1"]
[WhiteTeam "Offenbach"]
[BlackTeam "Frankfurt FTG"]
[WhiteTeamCountry "GER"]
[BlackTeamCountry "GER"]

1. d4 Nf6 2. c4 g6 3. Nc3 d6 4. e4 Bg7 5. f3 0-0 6. Be3 e5 7. Nge2 Nc6 8. Qd2 Nh5 9. d5 Ne7 10. g4 Nf4 11. Nxf4 exf4 12. Bxf4 f5 13. gxf5 gxf5 14. 0-0-0 Ng6 15. Bg5 Qe8 16. Rg1 f4 17. Qe1 h6 18. Bh4 Kh7 19. Bf2 Ne5 20. Be2 a6 21. c5 Bd7 22. Bd4 Qh5 23. Rd2 Rg8 24. Bd1 Bh3 25. Qe2 Bf6 26. Kc2 Rxg1 27. Bxg1 Rg8 28. Bd4 Rg2 29. Qxg2 Bxg2 30. Rxg2 Qh3 31. Rd2 Bg7 32. cxd6 cxd6 33. Bxe5 Bxe5 34. Kd3 b5 35. a3 Qc8 36. Bb3 Qc5 37. Re2 a5 38. Bd1 b4 39. axb4 axb4 40. Na4 Qd4+ 41. Kc2 b3+ 0-1